ORGANIC PHARMACEUTICAL AND MEDICINAL CHEMISTRY (Record no. 32096)

MARC details
000 -LEADER
fixed length control field 00414nam a22001577a 4500
003 - CONTROL NUMBER IDENTIFIER
control field SGT
020 ## - INTERNATIONAL STANDARD BOOK NUMBER
International Standard Book Number 9788123919201
082 ## - DEWEY DECIMAL CLASSIFICATION NUMBER
Classification number 615.19
Item number O23Q
100 ## - MAIN ENTRY--PERSONAL NAME
Personal name QADRY, J.S & QADRY, S.S
245 ## - TITLE STATEMENT
Title ORGANIC PHARMACEUTICAL AND MEDICINAL CHEMISTRY
260 ## - PUBLICATION, DISTRIBUTION, ETC. (IMPRINT)
Place of publication, distribution, etc NEW DELHI
Name of publisher, distributor, etc CBS PUBLICATTION
Year of Publication 2023
300 ## - PAGE DESCRIPTION
No. of Pages 262
650 ## - SUBJECT ADDED ENTRY--TOPICAL TERM
Topical term or geographic name as entry element PHARMACY
653 ## - KEYWORDS--INDEX TERM
Keyword term ORGANIC, PHARMACEUTICAL, MEDICINAL, CHEMISTRY
942 ## - ADDED ENTRY ELEMENTS (KOHA)
Source of classification or shelving scheme Dewey Decimal Classification
Koha item type Books
Holdings
Withdrawn status Lost status Source of classification or shelving scheme Damaged status Use restrictions Not for loan Collection code Home library Current library Shelving location Date acquired SGTU Full call number Accession No. (Barcode) Date last seen Bill Date Koha item type
    Dewey Decimal Classification   Restricted Access   PHARMACY SGT FA-FP Library SGT FA-FP Library Reference Book 12/07/2025 SGTU 615.19 O23Q FP5277G 12/07/2025 12/07/2025 Gifted Books